000 00338pab a2200145 454500
008 180718b2007 xxu||||| |||| 00| 0 eng d
100 _aPrabhuram, B.
245 _aQualities of a good distance teacher
260 _c2007
300 _ap.12-15.
362 _a12 Feb
650 _aTeachers
773 _aUniversity News
909 _a73227
999 _c73227
_d73227